[Event "Charlotte Holiday GM 2020"]
[Site "Charlotte"]
[Date "2020.12.29"]
[Round "6.2"]
[White "Mishra, Abhimanyu"]
[Black "Yip, Carissa"]
[Result "0-1"]
[WhiteElo "2338"]
[BlackElo "2421"]
[Annotator "TA"]
[PlyCount "94"]
[EventDate "2020.12.26"]
[EventType "tourn"]
[EventCountry "USA"]
[SourceTitle "playchess.com"]
[Source "ChessBase"]
[SourceQuality "1"]

{[%evp 24,94,35,0,28,31,43,41,50,61,83,0,5,11,0,0,10,4,25,0,190,184,236,155,170,186,175,177,196,0,0,0,0,-83,0,0,0,0,0,0,0,0,0,-17,37,0,7,0,8,-12,0,0,0,0,0,8,50,8,8,0,0,0,8,0,72,60,102,-859,-876,-29992,-29993,-29994,-29995]} 1. e4 c5 2. Nf3 d6 3. d4 cxd4 4. Nxd4 Nf6 5. Nc3 Nc6 6. Bg5 e6 7. Qd2 a6 8. O-O-O Bd7 9. f4 Be7 10. Nf3 b5 11. Bxf6 gxf6 12. Kb1 Qb6 13. Bd3 O-O-O {B69: Sicilian: Richter-Rauzer: 7...a6 8 0-0-0 Bd7 9 f4 Be7 10 Nf3 b5 11 Bxf6.} (13... b4 $5 {[%cal Rb4c3]} 14. Na4 Qa5 $11) 14. Rhe1 Kb7 15. g4 Rc8 {[#] White is slightly better.} 16. g5 $146 ({Predecessor:} 16. Nd5 exd5 17. exd5 Ne5 18. fxe5 fxe5 19. Bf5 Bxf5 20. gxf5 Rc4 21. Qg2 f6 22. Nd2 {1-0 (40) Hector,J (2493)-Haubro,M (2374) Gothenburg 2019}) 16... Rhd8 17. Bf1 (17. gxf6 $16 Bxf6 18. e5 dxe5 19. fxe5) 17... b4 $11 {[#]} 18. Nd5 exd5 19. exd5 Ne5 {[%cal Re5f3]} 20. fxe5 fxe5 21. Nd4 Qc5 $2 (21... Rg8 $11 22. h4 Bg4) 22. Nb3 $18 Qa7 (22... Qc7 $142 23. Qxb4+ Ka7) 23. Qxb4+ Ka8 24. h4 Rc7 25. Qa3 h6 26. Bg2 $2 (26. Bxa6 hxg5 27. Rf1 Bg4 $15) ({White should play} 26. gxh6 $18 Rh8 27. Rxe5 $3 {[%mdl 576] Pin} (27. Qxa6 Rxh6 28. Qxa7+ Kxa7 $11) (27. Bxa6 Qb6 $14)) 26... hxg5 $11 27. hxg5 Bg4 28. Rd3 (28. Na5 $11 {keeps the balance.} Bxd1 29. Rxd1) 28... Bf5 (28... Bxg5 $17 29. Bf3 Bf5) 29. Rc3 Rxc3 (29... Bxg5 $6 30. Rc6 $16) 30. bxc3 Bxg5 31. Be4 Bc8 32. Rf1 Bf4 33. Bd3 Bb7 ({Better is} 33... Qb6 $11) 34. Ka1 Qb6 ({Don't go for} 34... Bxd5 $2 35. Qa5 $18) 35. c4 Rb8 36. Qa4 e4 37. Bxe4 Be5+ 38. Kb1 Qe3 39. Bd3 {Black must now prevent c5.} Bh8 40. Qa3 Qe5 $1 $40 {[%mdl 128] Black has some attack.} 41. Kc1 {And now c5 would win.} Qe3+ 42. Kb1 {Strongly threatening c5.} Qe5 $1 43. Kc1 {aiming for c5.} Re8 {[#]} (43... Bc8 $11 {remains equal.}) 44. c5 $1 $16 Qc3 45. Rd1 {[%mdl 8192] [#]} (45. Kd1 $16 Re5 46. Bxa6 (46. c6 Bc8 $18) 46... Rxd5+ 47. Kc1 Qb2+ 48. Qxb2 Bxb2+ 49. Kxb2 Bxa6 50. Rf6 (50. Rxf7 dxc5 51. Rc7 Bc4 $18)) 45... Re1 $1 $19 {( -> ...Bf6)} 46. cxd6 Bf6 47. Bxa6 Bg5+ {Black used his chance.  Weighted Error Value: White=0.60/Black=0.23} 0-1

[Event "Charlotte Holiday GM 2020"]
[Site "Charlotte"]
[Date "2020.12.29"]
[Round "6.3"]
[White "Gauri, Shankar"]
[Black "Stearman, Josiah"]
[Result "1/2-1/2"]
[WhiteElo "2356"]
[BlackElo "2391"]
[Annotator "TA"]
[PlyCount "44"]
[EventDate "2020.12.26"]
[EventType "tourn"]
[EventCountry "USA"]
[SourceTitle "playchess.com"]
[Source "ChessBase"]
[SourceQuality "1"]

{[%evp 13,20,6,14,10,16,25,22,0,10]} 1. e4 e5 2. Nf3 Nc6 3. Nc3 Nf6 4. Bb5 Bd6 5. a3 a6 6. Bc4 Bc5 7. d3 h6 8. Be3 {C50: Hungarian Defence and Giuoco Pianissimo.} Bxe3 9. fxe3 d6 10. O-O O-O {[#] A rather calm draw.  Weighted Error Value: White=0.12/Black=0.02} {Predecessor:} 11. Qe1 $146 Be6 12. Bxe6 fxe6 13. Qg3 Qd7 14. Rf2 Rf7 15. Raf1 Raf8 16. Qh3 Nh7 17. Ne2 Ne7 18. d4 exd4 19. exd4 Ng6 20. Qg4 Nf4 21. Ng3 g5 22. h4 Nf6 {0-1 (21) Movsesian,S (2647)-Gumularz,S (2516) Tornelo INT 2020} 1/2-1/2

[Event "Charlotte Holiday GM 2020"]
[Site "Charlotte"]
[Date "2020.12.29"]
[Round "6.4"]
[White "Sheng, Joshua"]
[Black "Belous, Vladimir"]
[Result "1/2-1/2"]
[WhiteElo "2474"]
[BlackElo "2524"]
[Annotator "TA"]
[PlyCount "88"]
[EventDate "2020.12.26"]
[EventType "tourn"]
[EventCountry "USA"]
[SourceTitle "playchess.com"]
[Source "ChessBase"]
[SourceQuality "1"]

{[%evp 11,88,31,35,23,33,24,30,10,7,0,0,0,8,0,10,-6,13,36,61,52,65,54,70,40,76,89,67,56,75,64,68,47,70,66,61,54,47,0,0,0,0,0,2,0,14,0,23,22,30,0,0,0,0,0,0,0,0,0,0,0,0,0,0,0,0,0,0,0,0,0,0,0,0,0,0,0,0,0,0]} 1. e4 c5 2. Nf3 e6 3. d4 cxd4 4. Nxd4 Nc6 5. Nc3 Qc7 6. Be3 Nf6 7. Qf3 {7.Ndb5 is a critical line. B48: Sicilian: Taimanov: 5 Nc3 Qc7 6 Be3 a6 without Be2.} a6 8. O-O-O b5 9. Nxc6 {White has an edge.} Qxc6 10. e5 {[#] Black must now prevent Qxc6.} Qxf3 11. gxf3 {[#]} b4 $146 ({Predecessor:} 11... Nh5 12. Bd3 f5 13. f4 Bb7 14. Rhg1 g6 15. Be2 Bh6 16. Rd4 Bc6 17. a4 Rb8 18. axb5 axb5 {1-0 (63) Borisek,J (2576)-Klein,D (2501) chess.com INT 2018}) 12. Ne4 $36 {[%mdl 2048] White has good play.} Nd5 13. Bc5 Bb7 14. Bc4 Bxc5 15. Nxc5 Bc6 16. Rhg1 ({Reject} 16. Bxa6 $6 Nc7 $11) 16... Nb6 17. Be2 O-O 18. Nxa6 Nd5 19. Rg4 f6 20. exf6 Rxf6 {[#] And now ...Nf4 would win.} 21. Nxb4 Nxb4 22. Rxb4 Rxa2 23. Rb8+ Kf7 24. Kb1 Ra7 25. b4 {b5 is the strong threat.} Ke7 26. Rg1 g6 27. Rg3 h5 28. Bd3 h4 29. Rg4 Rxf3 30. b5 Rb7 {The position is equal.} 31. Rxb7 Bxb7 32. Rxh4 $11 {[%mdl 4096] Endgame KRB-KRB} g5 33. Rc4 Rxf2 34. Rc7 Bf3 35. b6 Rxh2 36. b7 Rh8 {Hoping for ...Kd6.} 37. Ba6 g4 {Threatens to win with ...g3.} 38. Rc8 Bxb7 39. Rxh8 Bxa6 {KR-KB} 40. Rg8 Be2 41. Kc1 Kf7 42. Rg5 Kf6 43. Rg8 Kf7 44. Rg5 Kf6 {Weighted Error Value: White=0.05/Black=0.05} 1/2-1/2

[Event "Charlotte Holiday GM 2020"]
[Site "Charlotte"]
[Date "2020.12.29"]
[Round "6.5"]
[White "Daggupati, Balaji"]
[Black "Plotkin, Mark"]
[Result "0-1"]
[WhiteElo "2399"]
[BlackElo "2435"]
[Annotator "TA"]
[PlyCount "158"]
[EventDate "2020.12.26"]
[EventType "tourn"]
[EventCountry "USA"]
[SourceTitle "playchess.com"]
[Source "ChessBase"]
[SourceQuality "1"]

{[%evp 13,158,47,48,41,88,9,10,13,15,4,36,47,61,60,91,17,24,0,0,-67,-65,-74,-82,-89,-89,-163,-128,-119,-125,-217,-214,-224,-229,-279,-269,-270,-258,-254,-252,-253,-258,-237,-235,-245,-228,-213,-214,-212,-210,-194,-193,-241,-235,-231,-222,-221,-222,-221,-156,-148,-158,-177,-133,-150,-150,-159,-142,-354,-363,-354,-359,-341,-341,-400,-389,-438,-392,-414,-402,-371,-298,-363,-355,-364,-350,-347,-356,-342,-337,-322,-345,-327,-328,-330,-319,-308,-303,-338,-320,-323,-313,-265,-295,-479,-482,-543,-586,-551,-544,-487,-464,-637,-741,-765,-852,-792,-798,-531,-782,-692,-637,-945,-906,-966,-980,-882,-860,-980,-980,-1227,-1227,-1202,-934,-980,-980,-980,-980,-980,-980,-1227,-1227,-1227,-980,-980,-980,-29983,-29984]} 1. e4 g6 2. d4 Bg7 3. Nc3 c6 4. Bc4 d5 5. exd5 b5 6. Bb3 b4 7. Na4 cxd5 8. a3 {B06: Modern Defence.} Nc6 {[#]} 9. Be3 $146 (9. Nc5 $16) ({Predecessor:} 9. Ne2 Na5 10. Ba2 bxa3 11. b3 Nh6 12. Bxa3 O-O 13. O-O Nc6 14. Re1 Qc7 15. c3 Rd8 {1-0 (48) Hosseinzadeh,N (2205)-Mahjoob,M (2419) Tabriz 2013}) 9... bxa3 $11 10. Rxa3 {The position is equal.} Nh6 11. c3 O-O 12. Nf3 Nf5 13. Bf4 f6 14. h4 (14. O-O $16) 14... Na5 15. Ba2 Nc4 16. Nc5 ({Better is} 16. Bxc4 $11 dxc4 17. O-O) 16... Nxa3 $15 17. bxa3 e6 18. Qa4 Qe8 19. Qa5 (19. Bb3 $17) 19... Qc6 20. O-O Nd6 21. Nd2 (21. Re1 $17 Nc4 22. Qc7 Qxc7 23. Bxc7) 21... Nb7 $19 22. Nxb7 Bxb7 23. Nb3 Ba6 24. Ra1 Bc4 25. Qb4 {intending Na5.} Qb6 26. Nc5 Bxa2 27. Rxa2 e5 28. Be3 Rf7 29. Rb2 Qxb4 30. axb4 f5 31. dxe5 Bxe5 32. Bd4 Re8 33. Rd2 Rfe7 {Strongly threatening ...Bf4.} 34. Bxe5 Rxe5 {[%mdl 4096] Endgame KRR-KRN} 35. g3 R8e7 36. Kg2 Kf7 37. Kf3 h6 38. Rd4 Rc7 39. Kg2 Ke7 40. Nd3 $2 {Loses the game.} (40. Rd1 $17 {might work better.}) 40... Re4 41. Rxd5 Rxc3 42. Nf4 g5 ({Not} 42... Rxb4 43. Nxg6+ Kf6 44. Rd6+ Kg7 45. Ne7 $17) 43. hxg5 hxg5 44. Nh3 Kf6 45. Rd6+ Re6 46. Rd8 Rc7 47. Rf8+ {[#]} Kg6 $1 48. Rg8+ Rg7 49. Rc8 Rb6 50. Rc4 Re7 51. g4 Re4 52. gxf5+ Kxf5 53. Rc5+ Re5 54. Rc4 Reb5 55. Kg3 g4 56. Rf4+ Ke5 57. Rxg4 Rxb4 58. Nf4 $2 (58. Rg7) 58... Kd4 59. Rg7 a5 60. Rd7+ Kc4 61. Nd5 Rb3+ 62. Kf4 Rb7 63. Ne3+ Kc3 64. Nd1+ Kc2 65. Ne3+ Kb1 66. Rd1+ Ka2 67. Ke5 a4 68. Nc4 Rf3 69. Rd2+ Kb1 70. Rd4 Kc1 71. Na5 Rb5+ {[%mdl 64] [#] Double Attack} 72. Ke4 Ra3 73. Nc6 Rc3 74. Nb4 Kb1 75. Nd5 Rcc5 76. Ne3 a3 77. Nc4 Ka2 78. f4 Kb3 79. Nd6 Rb4 {Weighted Error Value: White=0.26/Black=0.08} 0-1

[Event "Charlotte Holiday GM 2020"]
[Site "Charlotte"]
[Date "2020.12.30"]
[Round "7.1"]
[White "Yip, Carissa"]
[Black "Stremavicius, Titas"]
[Result "1/2-1/2"]
[WhiteElo "2421"]
[BlackElo "2485"]
[Annotator "TA"]
[PlyCount "39"]
[EventDate "2020.12.26"]
[EventType "tourn"]
[EventCountry "USA"]
[SourceTitle "playchess.com"]
[Source "ChessBase"]
[SourceQuality "1"]

{[%evp 18,39,29,32,69,4,27,28,28,28,55,20,20,14,24,8,8,8,8,0,0,0,0,0]} 1. e4 c5 2. Nf3 Nc6 3. d4 cxd4 4. Nxd4 Nf6 5. Nc3 e6 6. Nxc6 bxc6 7. e5 Nd5 8. Ne4 Qc7 9. f4 Qa5+ 10. c3 Ba6 {B45: Sicilian Four Knights.} 11. Be2 (11. Bd2 $14) 11... Qb6 12. Bxa6 Qxa6 {White has an edge.} 13. Qe2 Qxe2+ 14. Kxe2 f5 15. Nf2 a5 16. c4 Nb4 {The position is equal.} 17. Bd2 {[#]} Bc5 $146 ({Predecessor:} 17... Be7 18. Rhc1 Kf7 19. Nd3 Rhb8 20. Bxb4 axb4 21. Kd2 g5 22. g3 Rg8 23. Kc2 gxf4 24. Nxf4 Ra5 {0-1 (44) Kopp,P-Hess,R Germany 1979}) 18. Bxb4 axb4 19. Nd3 Be7 20. Rhc1 {Weighted Error Value: White=0.15/Black=0.08} 1/2-1/2

[Event "Charlotte Holiday GM 2020"]
[Site "Charlotte"]
[Date "2020.12.30"]
[Round "7.2"]
[White "Belous, Vladimir"]
[Black "Daggupati, Balaji"]
[Result "1/2-1/2"]
[WhiteElo "2524"]
[BlackElo "2399"]
[Annotator "TA"]
[PlyCount "132"]
[EventDate "2020.12.26"]
[EventType "tourn"]
[EventCountry "USA"]
[SourceTitle "playchess.com"]
[Source "ChessBase"]
[SourceQuality "1"]

{[%evp 9,132,-33,-7,0,5,5,6,8,0,0,0,8,4,4,27,0,-1,0,21,0,0,0,0,-2,0,0,1,0,0,0,0,-9,0,-1,-7,0,33,43,59,59,59,59,171,161,129,59,59,58,58,58,58,28,89,74,74,77,97,89,82,0,92,94,85,82,327,167,249,59,331,16,16,0,0,0,0,-2,-3,-10,-12,-387,-377,-374,-367,-364,-346,-429,-410,-5129,-5122,-5122,-514,-472,0,-410,-402,-391,-382,-500,-519,-519,-517,-500,-477,-371,0,0,0,0,0,0,0,0,0,0,0,0,0,0,0,0,0,0,0,0,0]} 1. c4 e6 2. Nf3 d5 3. g3 dxc4 4. Na3 Bxa3 5. bxa3 a6 6. Bg2 {[#] A13: English Opening: 1...e6.} b5 $146 ({Predecessor:} 6... Nf6 7. Qc2 O-O 8. Qxc4 Nc6 9. Bb2 Re8 10. O-O e5 11. d3 Be6 12. Qh4 Bg4 {1-0 (41) Moskalenko,A (2515)-Pantzar,M (2424) chess.com INT 2020}) 7. d3 Bb7 8. Bb2 Nf6 9. dxc4 Qxd1+ 10. Rxd1 Nbd7 11. O-O O-O 12. Nd4 Bxg2 13. Kxg2 Rfb8 14. cxb5 axb5 15. Nc6 {aiming for Bxf6.} Rb6 16. Rc1 Ne4 17. Rfd1 Ndc5 18. Ne7+ Kf8 19. f3 $36 {[%mdl 2048] White has some pressure.} Na4 20. Bxg7+ Kxg7 21. fxe4 c5 22. Rd7 c4 23. Rc7 Rd6 24. Nc6 $1 Rd2 25. Rf1 $1 {[%cal Rf1f7]} Rxe2+ ({Black should try} 25... Rf8 $1 $14) 26. Kh3 $1 $18 Rf8 27. Ne5 (27. Rf4 $1 $16 h5 28. Nd4 {[%mdl 64] Double Attack}) 27... Nc3 $14 28. Nxf7 Nxe4 {[#]} 29. Nh6+ $1 Kxh6 30. Rxf8 {a4! is the strong threat.} Rxa2 {[%mdl 4096] Endgame KRR-KRN} (30... Kg6 $1 $11 {remains equal.} 31. Rg8+ Kf5) 31. Kg4 {Strongly threatening h4.} Kg6 32. Rg8+ Kf6 33. Kf4 Nc3 {Hoping for ...Nd5+.} 34. Rf8+ (34. Rxh7 Nd5+ 35. Ke4 Nc3+ 36. Kf4 (36. Kd4 Ne2+ 37. Ke3 c3 $11) 36... Nd5+ 37. Ke4 Nc3+ 38. Kf4 $11 (38. Kd4 Ne2+ 39. Ke3 c3 $11)) 34... Kg6 35. Ke5 Re2+ 36. Kd6 Nb1 $2 (36... Rxh2 $16 37. Kxe6 Re2+ 38. Kd6 h5) 37. Rf3 (37. h4 $142) 37... c3 (37... Nd2 $142 38. Rf4 c3) 38. Rc8 $2 (38. Ke7 $1 $18 Rxh2 39. Rc5 (39. Kxe6 Re2+ 40. Kd5 c2 $16)) 38... Kg7 $2 {[%mdl 8192]} (38... c2 $14) 39. h3 $2 (39. Ke7 $1 $18 Re5 40. Rf7+ Kh6 41. Rf6+ Kh5 42. Rf4) 39... Nd2 $1 $11 {[%cal Rd2f3]} 40. Rf4 Nc4+ 41. Ke7 {Black must now prevent g4.} c2 42. Rf1 {[#]} Rf2 $1 {[%mdl 64] Deflection} 43. Rxf2 {Intending Rxc4! and mate.} (43. Rc1 Rf7+) 43... c1=Q 44. Rc5 $2 {[%mdl 8192]} (44. Rf7+ $11 Kh6 45. Rc5) 44... Qa1 $1 $19 ({Stronger than} 44... Qxa3 45. Rf7+ Kg8 46. Rf8+ Kg7 47. Rf7+ Kh8 48. Rf8+ Kg7 49. Rf7+ $11) 45. Rf7+ Kg6 46. h4 Ne5 $1 {[%cal Re5f7]} ({Weaker is} 46... Qxa3 47. h5+ Kh6 48. Rf6+ Kg7 49. h6+ Kh8 50. Rf8#) 47. h5+ Kxh5 48. Kxe6 (48. Rf4 $142 Kh6 49. Kxe6) 48... Qa2+ 49. Rd5 {[#]} Kg6 $1 50. Rf4 {[#]} Nd3 (50... Nd7 $1 $19 {[%mdl 512]} 51. Rg4+ Kh6 52. Rh4+ Kg7) 51. Rf6+ $2 {[%mdl 8192]} (51. Rg4+ $11 Kh6 52. Rgg5) 51... Kg7 52. Rf7+ Kg8 {And now ...Nc5+ would win.} 53. Rc7 {intending Rc8+.} h6 54. Rc8+ Kg7 55. Rc7+ Kg6 56. Rc6 Qb3 $2 (56... Qxa3 $19 {Threatens to win with ...Nb4.} 57. Rxb5 Qa4) 57. Kd6 $11 {The position is equal.} Kg7 (57... Nc1 {feels hotter.} 58. Kc7+ Kf7 59. Rd7+ Ke8 60. Rd8+ Kf7) 58. Rc7+ Kf6 (58... Kg6 $5 59. Rc6 $8 Qxa3+ 60. Kc7+ Kf7 61. Rd7+ Ke8 62. Rd8+ Kf7 63. Rd7+ Ke8 64. Rd8+ Kf7 65. Rd7+ $11) 59. Rc6 $1 Kf7 (59... h5 {is interesting.} 60. Kc7+ Ke7 61. Rd7+ Ke8 62. Rd8+ Ke7) 60. Rc7+ Kg8 (60... Kf6 $5 61. Rc6 $8 Kg6 $11) 61. Rc8+ Kg7 (61... Kf7 $5 62. Rc7+ $8 Kg8 63. Rc8+ Kg7 64. Rc7+ Kg6 $11) 62. Rc7+ Kf6 (62... Kg6 $5 63. Rc6 $8 Qxa3+ 64. Kc7+ Kf7 65. Rd7+ Ke8 66. Rd8+ Kf7 67. Rd7+ Ke8 68. Rd8+ Kf7 69. Rd7+ $11) 63. Rc6 $1 Kf7 64. Rc7+ Kf8 (64... Kg8 $5 65. Rc8+ $8 Kh7 66. Rc7+ Kg8 $11) 65. Rc8+ $1 Kg7 (65... Kf7 $5 66. Rc7+ $8 $11) 66. Rc7+ Kf6 {What a fight!  Weighted Error Value: White=0.51/Black=0.46} (66... Kg6 $5 67. Rc6 $8 Qxa3+ 68. Kc7+ Kf7 69. Rd7+ Ke8 70. Rd8+ Kf7 71. Rd7+ Ke8 72. Rd8+ Kf7 73. Rd7+ $11) 1/2-1/2

[Event "Charlotte Holiday GM 2020"]
[Site "Charlotte"]
[Date "2020.12.30"]
[Round "7.3"]
[White "Dragun, Kamil"]
[Black "Sheng, Joshua"]
[Result "0-1"]
[WhiteElo "2565"]
[BlackElo "2474"]
[Annotator "TA"]
[PlyCount "62"]
[EventDate "2020.12.26"]
[EventType "tourn"]
[EventCountry "USA"]
[SourceTitle "playchess.com"]
[Source "ChessBase"]
[SourceQuality "1"]

{[%evp 15,62,-9,-4,-10,0,0,0,0,0,0,46,38,70,71,70,40,48,44,56,42,43,43,66,5,435,432,436,436,408,0,0,0,0,0,0,0,0,0,0,0,0,0,0,0,0,-5695,-5297,-1907,-587]} 1. e4 c6 2. d4 d5 3. exd5 cxd5 4. Bd3 Nc6 5. c3 Nf6 6. h3 g6 7. Nf3 Bf5 8. Bxf5 {8.Be2 is a critical line.} gxf5 9. Bf4 {B13: Caro-Kann: Exchange Variation and Panov-Botvinnik Attack.} e6 10. Qb3 Qd7 11. Ne5 {The position is equal.} Nxe5 12. Bxe5 Bg7 {[#]} 13. g4 $146 ({Predecessor:} 13. Nd2 Rg8 14. Nf3 Ne4 15. O-O Bxe5 16. Nxe5 Qe7 17. Qa4+ Kf8 18. Qd7 Qxd7 19. Nxd7+ {1-0 (49) Socko,B (2599)-Eljanov,P (2717) Berlin 2015}) 13... fxg4 14. hxg4 {g5 is the strong threat.} O-O-O 15. Na3 Ne8 16. Bg3 e5 17. dxe5 {aiming for Nb5.} Qxg4 18. Rh4 Qg5 19. Nb5 (19. c4 $1 $14 Nc7 20. cxd5) 19... Kb8 $2 {[%mdl 8192]} (19... Bxe5 $11 {and Black stays safe.} 20. Nxa7+ Kc7 21. Bxe5+ Qxe5+ 22. Kf1 Nd6 23. Nb5+ Kc8) 20. Qa4 $18 a6 21. e6+ Ka8 22. Rg4 $2 (22. Qa5 $18 {White threatens Qb6 and mate.} Rd6 23. exf7 (23. Nxd6 Nxd6 24. exf7 Nf5 $16) (23. Bxd6 Qxh4 24. Bc5 Qh1+ 25. Ke2 Qh5+ 26. Ke1 Qh1+ 27. Ke2 Qh5+ 28. f3 Be5 $14)) 22... Qh6 $11 {And now ...Qh1+ would win.} 23. exf7 {Hoping for Kd1.} Qh1+ 24. Kd2 Qxa1 25. Kc2 d4 {[%mdl 64] Promotion} 26. Rxd4 Bxd4 27. fxe8=Q Rhxe8 $40 {[%mdl 128] Black mounts an attack.} (27... Rdxe8 28. Nc7+ Ka7 29. Qxd4+ b6 30. Nxe8 $18) 28. Nc7+ {[%mdl 64] Discovered Attack} Ka7 {( -> ...Re2+)} 29. Nb5+ $1 Kb6 (29... Ka8 30. Nc7+ Ka7 31. Nb5+ Kb6 32. Bc7+ Kc6 33. Qc4+ Bc5 34. Na7+ Kxc7 35. Qxc5+ Kb8 36. Nc6+ Kc8 37. Ne5+ Kb8 38. Nc6+ Kc8 39. Ne5+ Kb8 40. Nc6+) 30. Nxd4 {[%mdl 8192] [#]} (30. Bc7+ $11 Kc6 31. Qc4+ Bc5 32. Na7+ Kxc7 33. Qxc5+ Kd7 34. Qd4+ Ke6 35. Qg4+ Kf6 36. Qf4+ Kg7 37. Qg5+ Kh8 38. Qf6+ Kg8 39. Qg5+ Kh8 40. Qf6+ Kg8 41. Qg5+ Kh8) 30... Re2+ $1 $19 {[%mdl 512]} 31. Kd3 Qxb2 {Black used his chance.  Weighted Error Value: White=0.41/Black=0.42} (31... Qf1 $142 32. Qb4+ Ka7 33. Qc5+ Ka8) 0-1

[Event "Charlotte Holiday GM 2020"]
[Site "Charlotte"]
[Date "2020.12.30"]
[Round "7.4"]
[White "Plotkin, Mark"]
[Black "Gauri, Shankar"]
[Result "0-1"]
[WhiteElo "2435"]
[BlackElo "2356"]
[Annotator "TA"]
[PlyCount "68"]
[EventDate "2020.12.26"]
[EventType "tourn"]
[EventCountry "USA"]
[SourceTitle "playchess.com"]
[Source "ChessBase"]
[SourceQuality "1"]

{[%evp 16,68,0,-6,0,-7,0,-33,-44,-56,-69,-59,-66,-77,-61,-68,-63,-229,-218,-290,-76,-350,-340,-414,-407,-406,-420,-518,-511,-654,-656,-655,-649,-649,-649,-823,-842,-870,-883,-811,-807,-769,-755,-900,-873,-1237,-1203,-1095,-1095,-1084,-1078,-1046,-1046,-1006,-988]} 1. e4 e5 2. Nf3 Nc6 3. Nc3 Nf6 4. g3 d5 5. exd5 Nxd5 6. Bg2 Nxc3 7. bxc3 Bc5 8. O-O O-O 9. d3 Bb6 {C47: Scotch Four Knights and Four Knights with 4 g3.} 10. Nd2 Be6 11. Ne4 {[#]} f5 $146 {Black is slightly better.} ({Predecessor:} 11... h6 12. Ba3 Re8 13. Nc5 Bc8 14. Qh5 Qd6 15. Nxb7 Qxa3 16. Bxc6 Bxb7 17. Bxb7 Rad8 {1-0 (60) Maksimov,O (2219)-Kocheev,A (2315) chess.com INT 2020}) 12. Ng5 Bd5 13. Qh5 {[%csl Gg5][%cal Rh5h7]} h6 {Hoping for ...Bxg2.} 14. Nf3 Qf6 15. Ba3 Rfe8 16. c4 $2 (16. Rae1 $15) 16... Bf7 $19 17. Qh3 g5 $2 (17... e4 $19 {is more deadly.} 18. Nd2 {[#]} Bxf2+ $1 {[%mdl 512]} 19. Kh1 e3) 18. g4 $2 {[%mdl 8192]} (18. Rab1 $17 {was called for.}) 18... e4 {...fxg4 is the strong threat.} 19. dxe4 fxe4 20. Nd2 {[#]} Bxf2+ {[%mdl 512]} 21. Kh1 (21. Rxf2 Qxa1+) 21... e3 {Black is clearly winning.} 22. Bc5 exd2 {[%mdl 64] Discovered Attack} 23. Bxf2 {and the idea Bg1 leaves White hopeful.} Bxc4 {Strongly threatening ...Rad8.} 24. Bg1 Bxf1 25. Rxf1 Qe6 26. Rd1 Rad8 27. c4 Kh7 28. Qb3 Qe2 29. c5 Re7 30. h3 Nd4 31. Qb1+ Kg7 32. Qa1 {[#]} Qxd1 $3 {[%mdl 576] Clearance} 33. Qxd1 Re1 34. Qxd2 {[#]} Rxg1+ $1 {[%mdl 576] Decoy. Black took control after the opening.  Weighted Error Value: White=0.86/Black=0.18} 0-1

[Event "Charlotte Holiday GM 2020"]
[Site "Charlotte"]
[Date "2020.12.30"]
[Round "7.5"]
[White "Stearman, Josiah"]
[Black "Mishra, Abhimanyu"]
[Result "1-0"]
[WhiteElo "2391"]
[BlackElo "2338"]
[Annotator "TA"]
[PlyCount "155"]
[EventDate "2020.12.26"]
[EventType "tourn"]
[EventCountry "USA"]
[SourceTitle "playchess.com"]
[Source "ChessBase"]
[SourceQuality "1"]

{[%evp 17,155,29,29,28,28,28,31,23,40,44,38,43,37,24,18,30,69,64,70,66,66,68,65,66,65,85,89,82,112,104,139,138,136,112,114,81,91,97,103,80,117,77,85,73,83,77,75,83,109,54,54,55,48,0,0,0,59,56,56,49,172,171,392,104,96,62,62,62,59,33,26,20,62,56,88,28,23,22,20,17,17,20,27,20,52,52,55,52,52,52,54,29,29,0,29,29,29,29,41,41,58,66,46,8,8,0,66,29,29,16,24,24,73,73,102,102,102,102,454,375,1108,1100,747,0,202,83,889,648,1477,1412,1016,1164,1136,968,6629,4499,29969,29970,29987,29988]} 1. Nf3 {Hecht,H} d5 2. c4 c6 3. e3 Nf6 4. Nc3 e6 5. b3 Bd6 6. Bb2 O-O 7. d4 Nbd7 8. Bd3 e5 9. cxd5 cxd5 10. dxe5 {D46: Semi-Slav: 5 e3 Nbd7 6 Bd3, Black avoids the Meran.} Nxe5 11. Be2 Be6 12. O-O {White is slightly better.} Rc8 13. Nb5 Nxf3+ 14. Bxf3 Bb8 {[#]} 15. g3 $146 ({Predecessor:} 15. Qd4 a6 16. Nc3 Qd6 17. g3 Qe5 18. Ne2 Qxd4 19. Nxd4 Bd6 20. Rfd1 Rfd8 21. Bg2 {1-0 (68) Jussupow,A (2636)-Mastrovasilis,D (2384) Corfu 1999 CBM 074 [Hecht,H]}) 15... a6 16. Nd4 Qd7 17. Nxe6 fxe6 18. e4 Rcd8 19. exd5 exd5 20. Qd3 Ba7 21. Rad1 Kh8 22. Kg2 d4 23. Rfe1 Rfe8 24. Rxe8+ Rxe8 25. Qc4 {[%cal Rb2d4]} ({Worse is} 25. Bxd4 Rd8 $1 $15) 25... Rd8 26. Qb4 Nd5 27. Qa5 h6 28. a4 Nf6 29. Rd3 Nd5 30. Qd2 Nf6 31. Qf4 b5 32. a5 b4 33. Qh4 (33. Rd1 $16) 33... Qf5 34. Rd1 {[%cal Rb2d4,Bd3d1,Bd1e1,Be1e6][%mdl 32]} Kh7 {...g5 is the strong threat.} 35. g4 ({Don't go for} 35. Bxd4 $2 g5 $1 $19) 35... Qxa5 36. Re1 Qg5 (36... Qc5 $11) 37. Qxg5 $14 hxg5 38. Re6 Rc8 (38... a5 $14) 39. Rxa6 $18 Rc2 $2 {[#]} (39... Rc7 {keeps fighting.} 40. Be2 Nd7) 40. Ba1 $2 (40. Rxf6 $1 $18 {[%mdl 512] and the rest is easy.} Rxb2 41. Be4+ Kg8 42. Bd5+ Kh7 43. Be4+ Kg8 44. Rc6) 40... Rc7 $16 41. h4 gxh4 42. g5 Nd7 43. Be4+ {[%mdl 1024] White has compensation.} Kg8 44. Rd6 Bc5 45. Rd5 Nb6 46. Rd8+ (46. Rf5 $16) 46... Kf7 $11 47. Bxd4 {Strongly threatening Kh3.} Ke7 48. Bxc5+ Rxc5 {[%mdl 4096] Endgame KRB-KRN} 49. Rb8 Rxg5+ 50. Kh3 Re5 51. Rb7+ Kf8 52. f3 Nd5 53. Kxh4 {Black must now prevent Rb5.} Nf6 54. Rb8+ Kf7 55. Rb7+ Ke6 56. Rb6+ Kf7 57. Rxb4 (57. Bb7 {keeps more tension.} g5+ 58. Kg3 Nd5 59. Rb5 Ke6 60. Bc6) 57... Nxe4 58. Rxe4 {KR-KR} Rd5 59. Kg4 Kf6 60. Re2 Rd4+ 61. Re4 (61. Kg3 $11) 61... Rd5 $14 62. Kf4 Rd3 63. b4 {[%cal Bb3b4,Bb4b5][%mdl 32]} Rd1 64. Rc4 Rb1 65. Rc6+ Kf7 66. Rb6 Rb3 67. b5 Rb4+ $2 {[%mdl 8192]} (67... Ke8 $16 {is more resistant.}) 68. Ke5 Rb1 $2 (68... g5 69. Rb7+ Ke8) 69. Rb7+ $18 Kg6 70. Rb6+ $2 (70. f4 $18 {aiming for f5+.} Re1+ 71. Kd6 Rd1+ 72. Ke6 Re1+ 73. Kd7) 70... Kh5 $2 (70... Kf7 $1 $11) 71. f4 (71. Kd5 $18 {has better winning chances.}) 71... Re1+ $2 {[%mdl 8192]} (71... g6 $16) 72. Kf5 Rg1 73. Rc6 g6+ 74. Kf6 Rf1 75. Rc5+ Kh6 76. f5 Kh5 77. b6 g5 78. Rb5 {Weighted Error Value: White=0.21/Black=0.20} 1-0